| 000 | 01126nam a22003617a 4500 | ||
|---|---|---|---|
| 001 | 0042484 | ||
| 003 | KOHA_MİRAKIL | ||
| 005 | 20260207003315.0 | ||
| 007 | ta | ||
| 008 | 130730b2012 tu |||gr||||#||||0|tur | | ||
| 020 | _a9789944105347 | ||
| 040 |
_aTR-BiSEU _btur _cTR-BiSEU _erda |
||
| 041 | 0 | _atur | |
| 044 | _ctu | ||
| 050 |
_aHF1025 _b.P65 2012 |
||
| 100 | 0 | _aMustafa Haşim Polat . | |
| 245 | 1 |
_aKüreselleşen kalkınma : _bbir eleştiri / _cMustafa Haşim Polat ; Mustafa Haşim Polat . |
|
| 264 | 1 |
_aİstanbul : _bAçılım Kitap _c2012 |
|
| 300 |
_a221 sayfa ; _c21 cm. |
||
| 336 |
_ametin _btxt _2rdacontent |
||
| 337 |
_aaracısız _bn _2rdamedia |
||
| 338 |
_acilt _bnc _2rdacarrier |
||
| 490 | 1 |
_aAçılımkitap Yayınları ; _v42. |
|
| 490 | 1 |
_aPolitika Dizisi ; _v3. |
|
| 500 | _aKaynakça var. | ||
| 500 | _aDizin var. | ||
| 650 | 0 |
_aEkonomik Kalkınma. _979040 |
|
| 650 | 0 |
_aGelişmekte Olan Ülkeler. _979041 |
|
| 650 | 0 |
_aKüreselleşme Ekonomik kalkınma. _979042 |
|
| 830 | 1 |
_aAçılımkitap Yayınları ; _v42. _979043 |
|
| 830 | 1 |
_aPolitika Dizisi ; _v3. _925806 |
|
| 942 |
_2lcc _cBK |
||
| 999 |
_c42316 _d42316 |
||